Datum a čas kvízu
28
Celkem bodů
Celkový počet nahraných bodů na tomto kvízu bez doplňovacích otázek.
9.
Pořadí na kvízu
Konečné umístění týmu na tomto kvízu.
Zaznamenané odpovědi
| # | Otázka | Odpověď | Body | Výsledky |
|---|---|---|---|---|
| 1. | Premiér Petr Fiala začal natáč... | z Kramářovy vily | 0 | |
| 2. | Až do pozdní noci se v pondělí... | nezvykle dlouhý stůl | 1 | |
| 3. | Víkendové Jizerské 50 se zúčas... | Poslední závod | 1 | |
| 4. | Ve věku 78 let v úterý zemřel... | dm drogerie | 0 | |
| 5. | Basketbalista Tomáš Satoranský... | San Antonio Spurs | 1 | |
| 6. | Začneme jedním ze základních a... | 1C 2B 3D 4A | 0 | |
| 7. | Pokud byste se chtěli naučit k... | pravou mozkovou hemisférou | 1 | |
| 8. | Který španělský malíř žijící v... | Francisco Goya | 1 | |
| 9. | Na obrázku vidíme typ mikrotuž... | verzatilka (versatilka) | 0 | |
| 10. | Firma Koh-i-noor Hardtmuth je... | v Českých Budějovicích | 0 |